LIBRARY & INFORMATION CENTRE, KCAET, TAVANUR

ONLINE PUBLIC ACCESS CATALOGUE (OPAC)

New intermediate physics (Record no. 1549)

MARC details
000 -LEADER
fixed length control field 00406cam a2200181ua 4500
041 ## - LANGUAGE CODE
Language code of text/sound track or separate title eng
082 ## - DEWEY DECIMAL CLASSIFICATION NUMBER
Classification number 530
Item number NOA/NE
100 ## - MAIN ENTRY--AUTHOR NAME
Personal name Nokes, G R .
245 ## - TITLE STATEMENT
Title New intermediate physics
260 ## - PUBLICATION, DISTRIBUTION, ETC. (IMPRINT)
Place of publication London :
Name of publisher McMillon & Co Ltd ,
Year of publication 1960.
300 ## - PHYSICAL DESCRIPTION
Number of Pages 982 ; .
942 ## - ADDED ENTRY ELEMENTS (KOHA)
Koha item type Books
Holdings
Withdrawn status Lost status Damaged status Home library Current library Date acquired Full call number Accession Number Koha item type
      KAUAET KAUAET 07/04/2012 530 NOK/NE 3163 Books
      KAUAET KAUAET 07/04/2012 530 NOK/NE 3162 Books
free website counter